Gemüse an Bildern A-Z - Statistiken

Allgemein
  • Dieses Quiz wurde 5.283 mal gespielt
    5.188 seit der letzten Aktualisierung
  • Das Durchschnittsergebnis liegt bei 15 aus 24
Antwortstatistiken
Bildquiz Hint Antwort % Korrekt
G Gurke
97%
B Blumenkohl
96%
I Ingwer
96%
E Erbse
95%
K Karotte
95%
T Tomate
95%
L Linsen
92%
Z Zucchini
90%
R Radieschen
82%
J Jalapeno
79%
A Artischocke
77%
F Frühlingszwiebel
67%
H Hokkaidokürbis
64%
Q Quinoa
62%
C Chinakohl
59%
W Weißkraut
54%
P Pastinake
49%
M Mangold
44%
N Nori-Alge
35%
S Schwarzwurzeln
30%
O Okra
22%
Y Yam
20%
V Vogelmiere
4%
D Drumsticks
3%
Keine übereinstimmenden Quizze gefunden
Verteilung der Resultate
Anzahl Personen mit jedem Resultat
Perzentil nach korrekt beantworteten Fragen
Ihre Resultats-Entwicklung
Sie haben dieses Quiz seit der letzten Aktualisierung nicht gespielt